Państwa z największym importem - Statystyki

Ogólne statystyki
  • Ten quiz został rozwiązany 158 razy
  • Średni wynik to 9 z 10
Statystyki odpowiedzi
lp. Import Państwo % Poprawnych
2 1 731 000 000 000 Chiny
99%
1 2 352 000 000 000 Stany Zjednoczone
99%
3 1 104 000 000 000 Niemcy
98%
6 576 300 000 000 Francja
96%
5 602 500 000 000 Wielka Brytania
89%
4 625 700 000 000 Japonia
88%
10 426 800 000 000 Indie
87%
8 443 700 000 000 Kanada
87%
7 448 400 000 000 Korea Południowa
66%
9 435 400 000 000 Holandia
40%
Nie znaleziono quizów pasujących do podanych kryteriów
Rozkład punktacji
Procent ludzi z każdym wynikiem
Percentyl według liczby udzielonych odpowiedzi
Twoja historia wyników
Nie rozwiązałeś tego quizu